| 000 | 00520nam a2200145Ia 4500 | ||
|---|---|---|---|
| 008 | 170221s9999 xx 000 0 und d | ||
| 100 | _aDoreen Marie Marchionni | ||
| 245 | _aMeasuring Conversational Journalism: An Experimental Test of Wiki, Twittered and “Collaborative” News Models | ||
| 245 | _cDoreen Marie Marchionni | ||
| 260 | _bStudies in Media and Communication | ||
| 260 | _c2016 | ||
| 650 | _xCommunication | ||
| 650 | _xMedia Arts | ||
| 856 | _uhttp://redfame.com/journal/index.php/smc/issue/view/12 | ||
| 999 |
_c309151 _d309151 |
||